000 01393nam a2200373 i 4500
001 bg
003 KOSZ 005
005 20221214141248.0
008 980627s1997 pl a f f |000 0 pol
015 _aPB 1999/6848
020 _a8370853188
035 _a(OCoLC)69298824
040 _aWA N
_cKOSZ 005/HR
_dKOSZ 005/HR
080 _a005.95/.96
080 _a331.1
080 _a(075.8)
245 0 0 _aZarządzanie zasobami ludzkimi :
_bwybrane problemy i metody : praca zbiorowa /
_cpod red. Tadeusza Stalewskiego i Elżbiety Chlebickiej.
260 _aWrocław :
_bOficyna Wydawnicza Politechniki Wrocławskiej,
_c1997.
300 _a180 s. :
_b1 fot. kolor., rys., wykr. ;
_c24 cm.
336 _2rdacontent
_aTekst
_btxt
337 _2rdamedia
_aBez urządzenia pośredniczącego
_bn
338 _2rdacarrier
_aWolumin
_bnc
380 _aKsiążki.
504 _aBibliogr. przy pracach.
650 4 _aZarządzanie zasobami ludzkimi (HRM)
658 _aZarządzanie i marketing
655 4 _aPodręczniki akademickie
655 4 _aPraca zbiorowa
700 1 _aChlebicka, Elżbieta.
_eRed.
710 2 _aPolitechnika Wrocławska.
_bOficyna Wydawnicza.
_4pbl.
700 1 _aStalewski, Tadeusz
_d(1947-2007)
_eRedakcja
856 _uhttp://koha.tu.koszalin.pl/cgi-bin/koha/opac-detail.pl?biblionumber=33178
_yKatalog online BPK
942 _2UKD
_cKS
999 _c33178
_d33178